| 000 | 00913nam a2200217 a 4500 | ||
|---|---|---|---|
| 001 | BRCA_61 | ||
| 005 | 20190320202852.0 | ||
| 008 | 920221s1987 mx-#---##b---#000-0#spa-# | ||
| 020 | _a9682915228 | ||
| 040 |
_aDLC _cDLC |
||
| 050 | 4 |
_aN6555 _b.A78 5 _c1987 |
|
| 245 | 1 | 0 |
_aMuseos, comunicación y educación _bantología comentada _ccompilación, selección y comentarios, Graciela Schmilchuk. |
| 260 |
_aMéxico _bINBA : Centro Nacional de Investigación, Documentación e Información de Artes Plásticas (CENIDIAP) : Dirección de Investigación y Documentación de las Artes _c1987 |
||
| 300 |
_a571 p. _c21 cm. |
||
| 440 | 0 |
_aColección Artes plásticas. _pSerie Investigación y documentación de las artes _v5 _9285 |
|
| 504 | _aBibliografía: p. 537-571 | ||
| 650 | 1 | 4 |
_aArtes visuales _ySiglo XX y XXI _9286 |
| 650 | 1 | 4 |
_aMuseos _xAspectos educativos _9183 |
| 700 | 1 |
_aSchmilchuk, Graciela _9287 |
|
| 942 |
_2lcc _cB |
||
| 999 |
_c61 _d61 |
||